| 000 | 00837nam a22002297a 4500 | ||
|---|---|---|---|
| 001 | 45000 | ||
| 003 | BD-RjUL | ||
| 005 | 20211209053939.0 | ||
| 008 | 160721s ii ||||| |||| 00| 0 ben d | ||
| 020 | _c: Tk. 6.25 | ||
| 035 | _a(BD-RjUL) 45118 | ||
| 040 |
_aBD-RjUL _bben _cBD-RjUL |
||
| 041 | _aben | ||
| 082 |
_223 _a891.443 _bNAC 1969 |
||
| 100 | 1 |
_aগঙ্গোপাধ্যায়, নারায়ণ _9137889 |
|
| 245 | 1 | 0 |
_aছোটগল্পের সীমারেখা / _cনারায়ণ গঙ্গোপাধ্যায় |
| 260 |
_aকলিকাতা : _bবেঙ্গল পাবলিশাস, _c১৯৬৯ |
||
| 300 |
_a১৩৮ পৃ. ; _c২১ সেমি. |
||
| 650 |
_aবাংলা উপন্যাস _9137890 |
||
| 650 |
_aBengali fiction. _9137891 |
||
| 942 |
_2ddc _cBK |
||
| 999 |
_c45000 _d45000 |
||